| 000 | 00956nas a2200313 4500 | ||
|---|---|---|---|
| 001 | BR0205359 | ||
| 003 | BR-BrBNA | ||
| 005 | 20231205103340.0 | ||
| 007 | ta | ||
| 008 | 230509b bl.|||p| |||| 00| 00por d | ||
| 040 |
_aBR-BrBNA _bpor _cBiblioteca Nacional de Agricultura |
||
| 041 | _a(Pt) | ||
| 072 | _aL51; U10 | ||
| 100 | 1 | _aCampos, F.P. de | |
| 100 | 1 | _aLanna, D.P.D. | |
| 100 | 1 | _aBose, M.L.V. | |
| 100 | 1 | _aBoin, C. | |
| 100 | 1 | _aSarmento, P. | |
| 245 | 1 | _aDegradabilidade do capim-elefante em diferentes estágios de maturidade avaliada pelo método in vitro/gás | |
| 650 | _aRUMINANTE | ||
| 650 | _aCAPIM ELEFANTE | ||
| 650 | _aNUTRIÇÃO ANIMAL | ||
| 650 | _aDIGESTIBILIDADE IN VITRO | ||
| 650 | _aMATÉRIA SECA | ||
| 650 | _aMODELO MATEMÁTICO | ||
| 773 | 0 |
_tScientia Agrícola (Brazil) _xISSN 0103-9016 _g(Apr-Jun 2002), v. 59(2) p. 217-225 _wBR0205359 |
|
| 909 |
_a202311 _bLúcia _c55 _dLúcia Elande |
||
| 942 |
_2AGRIS _n0 _cANA |
||
| 999 |
_c172391 _d172391 |
||